| 000 | 00683nam a2200229Ia 4500 | ||
|---|---|---|---|
| 005 | 20250508164644.0 | ||
| 008 | 008 250505s9999 xx 000 0 eng d | ||
| 020 | _a0-7619-3436-7 | ||
| 037 | _aTextual | ||
| 040 |
_aFEDL _beng _cFEDL |
||
| 041 |
_aeng _2eng |
||
| 084 |
_a304.2, SAR _qFEDL |
||
| 100 |
_aSaraswati Raju Ed. _9778752 |
||
| 245 | 0 | _aColonial and post-colonial geographies of India | |
| 260 |
_aNew Delhi, India _bSage Publications _c2006 |
||
| 300 | _a368p. | ||
| 365 |
_aINR _b720 |
||
| 650 |
_aSocial ecology _9778753 |
||
| 700 |
_a Satish Kumar M Ed. Corbridge Stuart Ed. _9778754 |
||
| 942 |
_cTEXL _h304.2, SAR |
||
| 999 |
_c1390389 _d1390389 |
||